00391pab a2200121 454500008004000000100002300040245011800063260000900181300001400190362000800204650002200212773003500234180718b2008 xxu||||| |||| 00| 0 eng d aTardanico, Richard aPost-civil war san Salvador: social inequalities of household and basic infrastructure in a Central American city c2008 ap.127-52. aJan aSocial inequality aJournal of Development Studies